000 00786cam a22001935a 4500
001 L149823
008 100430e2010 xxk 000 0 eng d
035 _a(Sirsi) u149823
041 0 _aeng
100 1 _aGagan, Olivia
245 0 0 _aSafety at your fingertips
_ba clever use of the mobile network is helping contractors to know who is on site, when and why
260 _c2010
490 _aNew Civil Engineer 29 April 2010, 28(1)
520 _aAccident reporting and site safety; explaining a mobile biometric device developed by Donseed that uses a PIN and the fingerprints of work operatives to clock when staff are on site or leave to manage on-site health and safety.
590 _aKA
651 4 _aUnited Kingdom
_y
690 _aMANAGEMENT - HEALTH AND SAFETY
942 _n0
999 _c82285
_d82285